LEADER 02906nam 2200649 a 450 001 9910454458203321 005 20200520144314.0 010 $a1-282-29946-8 010 $a9786612299469 010 $a1-57675-892-3 035 $a(CKB)1000000000692725 035 $a(EBL)407887 035 $a(OCoLC)476226589 035 $a(SSID)ssj0000096469 035 $a(PQKBManifestationID)11121858 035 $a(PQKBTitleCode)TC0000096469 035 $a(PQKBWorkID)10082069 035 $a(PQKB)11569147 035 $a(MiAaPQ)EBC407887 035 $a(CaSebORM)9781576758922 035 $a(Au-PeEL)EBL407887 035 $a(CaPaEBR)ebr10315370 035 $a(CaONFJC)MIL229946 035 $a(EXLCZ)991000000000692725 100 $a20080522d2008 uy 0 101 0 $aeng 135 $aurunu||||| 181 $ctxt 182 $cc 183 $acr 200 14$aThe accidental American$b[electronic resource] $eimmigration and citizenship in the age of globalization /$fRinku Sen, with Fekkak Mamdouh 205 $a1st ed. 210 $aSan Francisco $cBerrett-Koehler Publishers$dc2008 215 $a1 online resource (259 p.) 225 1 $aA BK currents book 300 $aDescription based upon print version of record. 311 $a1-57675-438-3 320 $aIncludes bibliographical references and index. 327 $aIntroduction: coming to citizenship in a near-global age -- Leaving home -- Us and them after 9/11 -- Crimmigration -- Learning to organize -- Building a cooperative restaurant -- Scaling up throughout the industry -- Framing the immigration debate -- Growing a movement -- Dreaming globally -- Everybody means everybody. 330 $aThe Accidental American vividly illustrates the challenges and contradictions of U. S. immigration policy, and argues that, just as there is a free flow of capital in the world economy, there should be a free flow of labor. Author Rinku Sen alternates chapters telling the story of one "accidental American"--coauthor Fekkak Mamdouh, a Moroccan-born waiter at a restaurant in the World Trade Center whose life was thrown into turmoil on 9/11--with a thorough critique of current immigration policy. Sen and Mamdouh describe how members of the largely immigrant food industry workforce management 410 0$aBK currents book. 606 $aImmigrants$zNew York (State)$zNew York$vBiography 606 $aSeptember 11 Terrorist Attacks, 2001 607 $aUnited States$xEmigration and immigration 608 $aElectronic books. 615 0$aImmigrants 615 0$aSeptember 11 Terrorist Attacks, 2001. 676 $a304.8/73 700 $aSen$b Rinku$0850346 701 $aMamdouh$b Fekkak$f1961-$0850347 801 0$bMiAaPQ 801 1$bMiAaPQ 801 2$bMiAaPQ 906 $aBOOK 912 $a9910454458203321 996 $aThe accidental American$91898694 997 $aUNINA LEADER 04322nam 2200601Ia 450 001 9910787701303321 005 20200520144314.0 010 $a1-78042-876-6 035 $a(CKB)2670000000402666 035 $a(EBL)4104564 035 $a(SSID)ssj0000952944 035 $a(PQKBManifestationID)11551730 035 $a(PQKBTitleCode)TC0000952944 035 $a(PQKBWorkID)10906118 035 $a(PQKB)11390021 035 $a(Au-PeEL)EBL1337401 035 $a(CaPaEBR)ebr10745485 035 $a(CaONFJC)MIL510152 035 $a(OCoLC)855505250 035 $a(iGPub)PARKSTONEB0000791 035 $a(MiAaPQ)EBC1337401 035 $a(PPN)197278604 035 $a(EXLCZ)992670000000402666 100 $a20111021d2013 uy 0 101 0 $aeng 135 $aurcn||||||||| 181 $ctxt 182 $cc 183 $acr 200 00$aArt of war$b[electronic resource] /$fSun Tzu and Victoria Charles 210 $aNew York $cParkstone Press International$dc2013 215 $a1 online resource (256 p.) 300 $aDescription based upon print version of record. 311 $a1-84484-812-4 320 $aIncludes bibliographical references (p. 250) and index. 327 $aContents; Introduction; Millennia of War; Portraying War in Art; The Artists of War; The Art of Modern Warfare; Mythological Battles; The Trojan War; Battle of the Amazons; The Rape of the Sabine Women; Antiquity to Christianisation of theRoman Empire; The Victory Stele of Naram-Sin of Akkad; Battle of Kadesh; Battle of Marathon; Battle of Thermopylae; Battle of Mantinea; The Campaigns of Alexander the Great; Battle of the Granicus River; Battle of Issues; Battle of Arbela (Battle of Gaugamela); Battle of Heraclea; Battle of Cannae; Battle of Zama; Siege and Fall of Carthage; Battle of Alesia 327 $aBattle of Teutoburg Forest Battle of Milvian Bridge; Dark and Middle Ages; Battle of Tolbiac; Battle of Tours; Battle of Roncevaux Pass; Siege of Paris; Battle of Hastings; The Crusades; Siege of Jerusalem; Battle of Hattin; Sieges of Zara and Constantinople; Heiji Rebellion; Battle of Ichi-no-Tani; Battle of Bouvines; Battle of Taillebourg; Battle of Lake Peipus (Battle of the Ice); Battle of Ain Jalut; Battle of Bannockburn; Battle of Cassel; Battle of Cre?cy; Battle of Agincourt; Siege of Orle?ans; Battle of San Romano; Battle of Anghiari; Siege and Fall of Constantinople; Battle of Castillon 327 $aEarly Modern Age to Wars for European Dominance Battle of Nancy; Battle of Fornovo; Battle of Garigliano; Siege of Kufstein; Battle of Marignano; Siege and Fall of Tenochtitlan; Battle of Pavia; Battle of Kawanakajima; St Bartholomew's Day Massacre; Battle of Arques; Siege of Breda; Battle of No?rdlingen; Battle of Lens; Battle of the Dunes (Battle of Dunkirk); Battle of Tournai; Storming of Valenciennes; Battle of Vienna; Battle of Leuze; Battle of Poltava; Battle of Denain; Battle of Fontenoy; Battle of Lauffeld; Battle of Bunker Hill; C.Battles of Saratoga; Siege of Yorktown; Battle of Valmy 327 $aBattle of Fleurus The Napoleonic Wars; Battle of Arcole; Battle of Rivoli; Alexander Suvorov's Italian and Swiss Campaign; Battle of the Pyramids; Battle of Aboukir; Battle of Hohenlinden; Battle of Friedland; The Third of May 1808; Battle of Wagram; Battle of Borodino; Battle of Leipzig; Battle of Waterloo; Conflicts of the 19th Century; Third Siege of Missolonghi; Battle of the Alamo; Battle of the Smala; Battle of Montebello; Battle of Balaclava; Battle of Solferino; Battle of Gettysburg; Siege of Vicksburg; Battle of Atlanta; Battle of Sadowa (Battle of Ko?niggra?tz); Battle of Gravelotte 327 $aBattle of Little Big Horn Battle of Omdurman; Boxer Rebellion; Russo-Japanese War; The World Wars; First World War; The Second World War; War and Abstraction; Knight, Death, and the Devil; Battle of Cascina; The Charge of the Lancers; The Bombing of Guernica; Bibliography; Index 606 $aWar in art 606 $aWar$vQuotations, maxims, etc 615 0$aWar in art. 615 0$aWar 676 $a355/.02 712 02$aParkstone International (Firm) 801 0$bMiAaPQ 801 1$bMiAaPQ 801 2$bMiAaPQ 906 $aBOOK 912 $a9910787701303321 996 $aArt of war$93690874 997 $aUNINA